000 00956nac a22002537a 4500
001 BR7908831
003 BR-BrBNA
005 20240105114555.0
008 230509b bl.|||m| |||| 00| 0 por d
040 _aBR-BrBNA
_bpor
_cBiblioteca Nacional de Agricultura
072 _aE30; E15
090 _aE30 BR7908831
110 1 _aComissao Estadual de Planejamento Agricola do Piaui, Teresina (Brasil)
_92040
245 1 _aPlano estadual para a aplicacao do credito rural no Piaui, 1970/80 [Comissao Estadual de Planejamento Agricola do Piaui, Brasil]
260 3 _aTeresina, PI (Brasil):
_c1979.
300 _a12 p.
490 _aPlano Estadual para a Aplicacao do Credito Rural no Piaui - Comissao Estadual de Planejamento Agricola do Piaui (Brazil)
_v
_x
650 _aPLANEJAMENTO ECONOMICO
650 _aRECURSO ECONOMICO
650 _aCREDITO RURAL
650 _aPIAUI
909 _a202312
_bLúcia Elande
_c55
_dLúcia Elande
942 _2AGRIS
_n0
_cMS
999 _c270121
_d270121